Történelmi örökségünk birtokbavétele
Elmentve itt :
| Szerző: | |
|---|---|
| Adatforrás: | Meister |
| Forrásdokumentuma: | A Hét. - 36 sz., 1993, 12-13 p. |
| Nyelv: | magyar |
| Kulcsszavak: | művelődéstörténet történelem történelemoktatás történelemhamisítás (román) magyar-román kapcsolatok OLAHUS Nicolaus (Oláh Miklós) IORGA Nicolae FODOR István TONK Sándor |
| LEADER | 00634nab a2200217 i 4500 | ||
|---|---|---|---|
| 001 | bibPRO00006742 | ||
| 008 | 060524s1993 xx hun | ||
| 040 | |a Sz1 | ||
| 041 | |a hun | ||
| 100 | 1 | |a DEMÉNY Lajos | |
| 245 | 1 | 0 | |a Történelmi örökségünk birtokbavétele |c DEMÉNY Lajos |
| 695 | |a művelődéstörténet | ||
| 695 | |a történelem | ||
| 695 | |a történelemoktatás | ||
| 695 | |a történelemhamisítás (román) | ||
| 695 | |a magyar-román kapcsolatok | ||
| 695 | |a OLAHUS Nicolaus (Oláh Miklós) | ||
| 695 | |a IORGA Nicolae | ||
| 695 | |a FODOR István | ||
| 695 | |a TONK Sándor | ||
| 773 | 0 | |t A Hét. - |g 36 sz., 1993, 12-13 p. | |